Dokonalé zlo
Saved in:
| Main Author | |
|---|---|
| Format | Electronic eBook |
| Language | Czech |
| Published |
Golden Dog
2025
|
| Edition | 1. elektronické vydání |
| Subjects | |
| Online Access | Dostupné v BOOKPORT po přihlášení pomocí eduID |
| ISBN | 978-80-53027-46-5 978-80-53027-47-2 978-80-53027-45-8 |
| Physical Description | 1 online zdroj (260 stran) |
| LEADER | 00000nam a2200000 i 4500 | ||
|---|---|---|---|
| 001 | bkp1024008834 | ||
| 003 | CZ-prgp | ||
| 005 | 20260413161219.0 | ||
| 006 | m o d | ||
| 007 | cr cn | ||
| 008 | 260413s2025 xr o 000 1 cze | ||
| 020 | |a 978-80-53027-46-5 |c 249 Kč |q (online ; pdf) | ||
| 020 | |a 978-80-53027-47-2 |c 249 Kč |q (online ; epub) | ||
| 020 | |a 978-80-53027-45-8 |c 299 Kč |q (print) | ||
| 040 | |a Grada |b cze |e rda | ||
| 100 | 1 | |a Ondřej, Adler | |
| 245 | 1 | 0 | |a Dokonalé zlo |c Adler Ondřej |
| 250 | |a 1. elektronické vydání | ||
| 264 | 1 | |b Golden Dog |c 2025 | |
| 300 | |a 1 online zdroj (260 stran) | ||
| 336 | |a text |b txt |2 rdacontent | ||
| 337 | |a počítač |b c |2 rdamedia | ||
| 338 | |a online zdroj |b cr |2 rdacarrier | ||
| 520 | 3 | |a Pět děsivých příběhů, pět kroků do temnoty. Ondřej Adler přináší hororovou sbírku, v níž se prolínají osudy postav, jejichž společným jmenovatelem je tajemná kniha Necronomicon. Povídky zasazené do českého prostředí odhalují skryté hrůzy číhající pod povrchem všední reality. Zapomenuté rituály se probouzí k životu a noční můry se stávají skutečností. | |
| 650 | 0 | 4 | |a Horory |
| 856 | 4 | 0 | |u https://www.bookport.cz/AccountSaml/SignIn/?idp=https://shibboleth.utb.cz/idp/shibboleth&returnUrl=/kniha/dokonale-zlo-15958/ |y Dostupné v BOOKPORT po přihlášení pomocí eduID |